000 01811cam a22004694i 4500
003 PE-LiUPU
005 20250731172757.0
008 150617s r 000 0 d
020 _a8432118230
035 _a(Sirsi) i9788432118234
040 _aPE-LiUPU
_bspa
_cPE-LiUPU
_erda
049 _aPRUA
082 0 4 _a241.5
_bG25
_221
100 1 _aGarcía de Haro, R.,
_eautor.
245 1 3 _aLa moral cristiana :
_ben el confin de la historia y la eternidad /
_cR. García de Haro, I. de Celaya.
264 1 _aMadrid :
_bEdiciones Rialp,
_c[1975].
300 _a264 páginas ;
_c19 centímetros.
336 _atext
_2rdacontent
337 _aunmediated
_2rdamedia
338 _avolume
_2rdacarrier
504 _aIncluye bibliografía.
505 0 _aOtra moral nueva -- Puntos capitales de la nueva moral -- Los principios inspiradores y su coherencia con los resultados -- La perenne novedad de la moral cristiana -- Su carácter revelado -- El conocimiento moral y sus exigencias -- Moral natural y moral sobrenatural -- La lucha ascética, la oración y los sacramentos en la vida moral -- El destino eterno del hombre -- Doctrina y vida -- El proceso personal de floración de la nueva moral -- La unidad de vida
526 _aSEG42
526 _aSEG41
526 _aSEG40
526 _aSEG39
526 _aP94
526 _aP87
526 _aP86
526 _aP85
526 _aP77
526 _aP76
526 _aP35
650 1 4 _aÉtica cristiana.
_91047
650 1 4 _aTeología moral.
700 1 _aCelaya, I. de.
_eautor.
910 _ajck
942 _2ddc
_cBK
949 _a241.5 G25
_wDEWEY
_c1
_i17501
_lCCODEBUL1
_mBUL
_r0
_sY
_tBOOK
_u2015-6-17
_xTEOLOGIA
_0COMPRA
_o.STAFF. Colección General
999 _c3129
_d3129
980 _81
_gALBERTO SANCHEZ Responsable de Automatización